| 000 | 00000nam##2200000za#4500 |
| 001 | 9.625502 |
| 003 | CaOODSP |
| 005 | 20200421163404 |
| 007 | ta |
| 008 | 150406|2000||||xxc||||| f|0| 0 fre|d |
| 040 | |aCaOODSP|bfre |
| 043 | |an-cn--- |
| 086 | 1 |aNH18-22/99-122F |
| 110 | 2 |aSociété canadienne d'hypothèques et de logement. |
| 245 | 10|aEssais de résistance au feu menés sur des ensembles de plancher à petite échelle |
| 260 | |aOttawa - Ontario : |bSociété canadienne d'hypothèques et de logement |c2000. |
| 300 | |a4p. : |btableaux ; |c28 cm. |
| 490 | 1 |aLe point en recherche. Série technique |v99-122 |
| 563 | |aDépliant |
| 590 | |a01-02|b2001-01-12 |
| 691 | 07|aMatériau de construction|2gcpds |
| 691 | 07|aLogement|2gcpds |
| 776 | 0#|tEssais de résistance au feu menés sur des ensembles de plancher à petite échelle / |w(CaOODSP)9.607713 |
| 830 | #0|aLe point en recherche. Série technique ;|v99-122|w(CaOODSP)9.513179 |
| 986 | |aLNH 2267 |